The noble scholar, jurist, historian


 His Excellency Dr. Abdul Wahhab bin Ibrahim Abu Sulaiman, may Allah have mercy on him.


 He was born in Umm Al-Qura in the year 1356 AH.

أسرار التكرار في القرآن / (Record no. 12370)

MARC details
000 -LEADER
fixed length control field 01245cam a22003011i 4500
003 - CONTROL NUMBER IDENTIFIER
control field SA-RiAUC
005 - DATE AND TIME OF LATEST TRANSACTION
control field 20251005112806.0
008 - FIXED-LENGTH DATA ELEMENTS--GENERAL INFORMATION
fixed length control field 251002s1974 ua g 000 0 ara c
040 ## - CATALOGING SOURCE
Original cataloging agency SA-RiKSU
Language of cataloging ara
Transcribing agency SA-RiAUC
Description conventions rda
050 #4 - LIBRARY OF CONGRESS CALL NUMBER
Item number .1974 K57
082 04 - DEWEY DECIMAL CLASSIFICATION NUMBER
Classification number 229.8
090 ## - LOCALLY ASSIGNED LC-TYPE CALL NUMBER (OCLC); LOCAL CALL NUMBER (RLIN)
Classification number (OCLC) (R) ; Classification number, CALL (RLIN) (NR) 229.8
Local cutter number (OCLC) ; Book number/undivided call number, CALL (RLIN) ك ر م
100 1# - MAIN ENTRY--PERSONAL NAME
Personal name الكرماني، محمود بن حمزة بن نصر،
Dates associated with a name توفي حوالي 505 هجري
Relator term مؤلف.
245 10 - TITLE STATEMENT
Title أسرار التكرار في القرآن /
Statement of responsibility, etc. تأليف برهان الدين محمود بن حمزة بن نصر الكرماني ؛ تحقيق ودراسة عبد القادر أحمد عطا.
250 ## - EDITION STATEMENT
Edition statement الطبعة الثانية.
264 #1 - PRODUCTION, PUBLICATION, DISTRIBUTION, MANUFACTURE, AND COPYRIGHT NOTICE
Place of production, publication, distribution, manufacture القاهرة :
Name of producer, publisher, distributor, manufacturer دار الاعتصام،
Date of production, publication, distribution, manufacture, or copyright notice 1974
300 ## - PHYSICAL DESCRIPTION
Extent 270 صفحة ؛
Dimensions 24 سم.
336 ## - CONTENT TYPE
Content type term نص
Content type code txt
Source rdacontent
Materials specified كتاب
337 ## - MEDIA TYPE
Media type term بدون وسيط
Media type code n
Source rdamedia
338 ## - CARRIER TYPE
Carrier type term مجلد
Carrier type code nc
Source rdacarrier
490 0# - SERIES STATEMENT
Series statement نوادر التراث ؛
Volume/sequential designation 2
630 27 - SUBJECT ADDED ENTRY--UNIFORM TITLE
Uniform title القرآن
General subdivision بلاغة
Source of heading or term aucut
650 47 - SUBJECT ADDED ENTRY--TOPICAL TERM
Topical term or geographic name entry element القرآن
Form subdivision المتشابهه.
Source of heading or term aucsh
700 1# - ADDED ENTRY--PERSONAL NAME
Personal name عطا، عبد القادر أحمد
Relator term محقق.
730 22 - ADDED ENTRY--UNIFORM TITLE
Uniform title القرآن
942 ## - ADDED ENTRY ELEMENTS (KOHA)
Source of classification or shelving scheme Dewey Decimal Classification
Koha item type Books
Suppress in OPAC No
949 ## - LOCAL PROCESSING INFORMATION (OCLC)
a SA-JeALM
d 251002
u mohamedma123
n 1
Holdings
Withdrawn status Lost status Source of classification or shelving scheme Damaged status Not for loan Home library Current library Date acquired Total checkouts Full call number Barcode Date last seen Price effective from Koha item type
    Dewey Decimal Classification     DR AbdElwahab Library DR AbdElwahab Library 10/05/2025   229.8 ك ر م 000019907 10/05/2025 10/05/2025 Books